Statistics for European City to Country

Click here to take the quiz!

General Stats

  • This quiz has been taken 232 times
  • The average score is 10 of 14

Answer Stats

CityCountry% Correct
SouthamptonUnited Kingdom
98%
LilleFrance
90%
DonetskUkraine
83%
KilkennyIreland
82%
TrondheimNorway
82%
HaarlemNetherlands
80%
MurmanskRussia
79%
BariItaly
77%
GdyniaPoland
72%
Novi SadSerbia
63%
KaunasLithuania
59%
OdenseDenmark
56%
PecsHungary
47%
NarvaEstonia
37%

Score Distribution

Percentile by Number Answered

Percent of People with Each Score

Your Score History

You have not taken this quiz